00482nam a2200193 a 4500001001300000003000900013005001700022008004100039020001000080082001800090100001300108245004700121260002900168300000800197500003500205505001500240650002000255700001300275nice12345678IN_TiNIC20260116015139.0050524s1952 leia grp 000 0 eng  ac10000a297.822bIVA8 aIvanow,  aBrief Survey of the Evolution of Ismailism aLeidenbE.J. Brillc1952 a91p aincludes index and biblioraphy2 aXerox Copy aIsmailis-Hitory1 aIvanow,